Wallfahrt (Record no. 1001)

MARC details
000 -CABECERA
campo de control de longitud fija 00908nam a2200217 a 4500
001 - NÚMERO DE CONTROL
campo de control BRCA_1123
005 - FECHA Y HORA DE LA ÚLTIMA TRANSACCIÓN
campo de control 20190320203305.0
008 - DATOS DE LONGITUD FIJA--INFORMACIÓN GENERAL
campo de control de longitud fija 950424s1994 au-a---##b---s000-0#ger-#
040 ## - FUENTE DE LA CATALOGACIÓN
Centro catalogador/agencia de origen DLC
Centro/agencia transcriptor DLC
050 #4 - SIGNATURA TOPOGRÁFICA DE LA BIBLIOTECA DEL CONGRESO
Número de clasificación BX2323
Número de documento/Ítem .S74 1994
245 10 - MENCIÓN DE TÍTULO
Título Wallfahrt
Resto del título Wege zur Kraft
Mención de responsabilidad, etc. Wilhelm Hengstler, Karl Stocker ; unter Mitarbeit von Joachim Hainzl und Angelike Thon.
260 ## - PUBLICACIÓN, DISTRIBUCIÓN, ETC.
Lugar de publicación, distribución, etc. Graz, Austria
Nombre del editor, distribuidor, etc. Kulturabteilung des Amtes der Steiermñkischen Landesregierung
Fecha de publicación, distribución, etc. 1994
300 ## - DESCRIPCIÓN FÍSICA
Extensión 372 p.
Otras características físicas il. (algunas a color)
Dimensiones 22 cm.
500 ## - NOTA GENERAL
Nota general Catálogo de la exposición realizada en Steiermñkische Landesausstellung (Stift Pöllau), 30 abril - 30 octubre, 1998
504 ## - NOTA DE BIBLIOGRAFÍA, ETC.
Nota de bibliografía, etc. Bibliografía : p. 269-291
650 14 - PUNTO DE ACCESO ADICIONAL DE MATERIA--TÉRMINO DE MATERIA
Término de materia o nombre geográfico como elemento de entrada Peregrinaciones cristianas
Subdivisión de forma Exposiciones
9 (RLIN) 3700
700 1# - PUNTO DE ACCESO ADICIONAL--NOMBRE DE PERSONA
Nombre de persona Hengstler, Wilhelm
Fechas asociadas al nombre 1944-
9 (RLIN) 3701
700 1# - PUNTO DE ACCESO ADICIONAL--NOMBRE DE PERSONA
Nombre de persona Stocker, Karl
Fechas asociadas al nombre 1956-
9 (RLIN) 3702
700 1# - PUNTO DE ACCESO ADICIONAL--NOMBRE DE PERSONA
Nombre de persona Joachim Hainz, Mitarbeit Von
9 (RLIN) 3703
942 ## - ELEMENTOS DE PUNTO DE ACCESO ADICIONAL (KOHA)
Fuente del sistema de clasificación o colocación Library of Congress Classification
Tipo de ítem Koha Libros
Holdings
Estado de retiro Estado de pérdida Estado dañado No para préstamo Localización permanente Ubicación/localización actual Fecha de adquisición Total de préstamos Signatura topográfica completa Código de barras Fecha visto por última vez Precio válido a partir de Tipo de ítem Koha
El ejemplar forma parte de la colección y puede ser consultado según las políticas vigentes.       Biblioteca del Museo Franz Mayer (Rogerio Casas-Alatriste) Biblioteca del Museo Franz Mayer (Rogerio Casas-Alatriste) 26/06/2008   BX2323 .S74 1994 01018 22/03/2019 22/03/2019 Libros